Hillier Parker rent index. - Quarter 1 2000 - Quarter 2 2000 (Record no. 100317)

MARC details
000 -LEADER
fixed length control field 00865cam a2200277 4500
001 - CONTROL NUMBER
control field J60799
008 - FIXED-LENGTH DATA ELEMENTS--GENERAL INFORMATION
fixed length control field 000000n2000 000 0 eng u
035 ## - SYSTEM CONTROL NUMBER
System control number (Sirsi) u105001
041 ## - LANGUAGE CODE
Language code of text/sound track or separate title eng
050 ## - LIBRARY OF CONGRESS CALL NUMBER
Classification number 333.337016
110 ## - MAIN ENTRY--CORPORATE NAME
Corporate name or jurisdiction name as entry element CB Hillier Parker
9 (RLIN) 3660
245 ## - TITLE STATEMENT
Title Hillier Parker rent index. - Quarter 1 2000 - Quarter 2 2000
260 ## - PUBLICATION, DISTRIBUTION, ETC.
Place of publication, distribution, etc. London
Name of publisher, distributor, etc. CB Hillier Parker
Date of publication, distribution, etc. 2000
300 ## - PHYSICAL DESCRIPTION
Extent 2 pt. ; 30cm.
520 ## - SUMMARY, ETC.
Summary, etc. The rent and yield indices have now merged. For quarter 3 see J62392 CB Hiller Parker Rent and yield monitor market index brief
650 ## - SUBJECT ADDED ENTRY--TOPICAL TERM
Topical term or geographic name entry element HILLIER PARKER RENT INDEX
650 ## - SUBJECT ADDED ENTRY--TOPICAL TERM
Topical term or geographic name entry element INDICES
650 ## - SUBJECT ADDED ENTRY--TOPICAL TERM
Topical term or geographic name entry element INDUSTRIAL PROPERTY
650 ## - SUBJECT ADDED ENTRY--TOPICAL TERM
Topical term or geographic name entry element OFFICES
650 ## - SUBJECT ADDED ENTRY--TOPICAL TERM
Topical term or geographic name entry element RENTS
650 ## - SUBJECT ADDED ENTRY--TOPICAL TERM
Topical term or geographic name entry element SHOPS
690 ## - LOCAL SUBJECT ADDED ENTRY--TOPICAL TERM (OCLC, RLIN)
Topical term or geographic name as entry element PROPERTY-COMMERCIAL PROPERTY
710 ## - ADDED ENTRY--CORPORATE NAME
Corporate name or jurisdiction name as entry element Hillier Parker
9 (RLIN) 2054
856 ## - ELECTRONIC LOCATION AND ACCESS
Uniform Resource Identifier <a href="https://www.cbhillierparker.com">https://www.cbhillierparker.com</a>
942 ## - ADDED ENTRY ELEMENTS (KOHA)
Suppress in OPAC 0
Holdings
Withdrawn status Lost status Source of classification or shelving scheme Damaged status Not for loan Home library Current library Shelving location Date acquired Total Checkouts Full call number Barcode Date last seen Copy number Price effective from Koha item type Date last checked out
    Dewey Decimal Classification     London London Property market reports 23/03/2000   PROPERTY MARKET REPORTS 30060799 06/08/2019 1 06/08/2019 Reference material  
    Dewey Decimal Classification     London London Property market reports 23/03/2000 1 PROPERTY MARKET REPORTS 30060800 06/08/2019 2 06/08/2019 Book 05/04/2000
    Dewey Decimal Classification     London London Property market reports 13/07/2000   PROPERTY MARKET REPORTS 30061528 06/08/2019 3 06/08/2019 Reference material  
    Dewey Decimal Classification     London London Property market reports 13/07/2000 1 PROPERTY MARKET REPORTS 30061529 06/08/2019 4 06/08/2019 Book 03/11/2000